Kraje w których odbywał się wyścig F1 - Statystyki

Ogólne statystyki
  • Ten quiz został rozwiązany 130 razy
  • Średni wynik to 69 z 76
Statystyki odpowiedzi
Lata Kraj % Poprawnych
1981–1982 USA
99%
2012–2019, od 2021 USA
99%
1982–1988 USA
99%
1984 USA
99%
1950–1960, 2000–2007 USA
99%
1976–1983 USA
99%
od 2022 USA
99%
1960 USA
99%
1959 USA
99%
1961–1980 USA
99%
1989–1991 USA
99%
1955, 1957, 1959, 1961–1962 Wielka Brytania
99%
1964, 1966, 1968, 1970, 1972, 1974, 1976, 1978, 1980, 1982–1986 Wielka Brytania
99%
1993 Wielka Brytania
99%
1950–1954, 1956, 1958, 1960, 1963, 1965, 1967, 1969, 1971, 1973, 1975, 1977, 1979, 1981, 1983, 1985, od 1987 Wielka Brytania
99%
1967 Francja
97%
1965, 1969–1970, 1972 Francja
97%
1974, 1977, 1979, 1981–1982, 1984 Francja
97%
1991–2008 Francja
97%
1971, 1973, 1975–1976, 1978, 1980, 1982–1983, 1985–1990, 2018–2019, 2021-2022 Francja
97%
1950–1951, 1953–1954, 1956, 1958–1961, 1963, 1966 Francja
97%
1952, 1957, 1962, 1964, 1968 Francja
97%
1959 Niemcy
96%
1970, 1977–1984, 1986–2006, 2008, 2010, 2012, 2014, 2016, 2018–2019 Niemcy
96%
1951–1954, 1956–1958, 1961–1969, 1971–1976, 1984–1985, 1995–2007, 2009, 2011, 2013, 2020 Niemcy
96%
1980–2006, od 2020 Włochy
96%
2020 Włochy
96%
1950–1979, od 1981 Włochy
96%
1957 Włochy
96%
1985–1995 Australia
95%
1996–2019, od 2022 Australia
95%
2004–2019 Chiny
95%
od 1991 Hiszpania
95%
1968, 1970, 1972, 1974, 1976–1979, 1981 Hiszpania
95%
1986–1990, 1994, 1997 Hiszpania
95%
1969, 1971, 1973, 1975 Hiszpania
95%
1951, 1954 Hiszpania
95%
2008–2012 Hiszpania
95%
1976–1977, 2007–2008 Japonia
95%
1994–1995 Japonia
95%
1987–2006, 2009–2019, od 2022 Japonia
95%
2014–2021 Rosja
95%
1978, 1981–1989 Brazylia
94%
1973–1977, 1979–1980, 1990–2019, od 2021 Brazylia
94%
1968, 1970 Kanada
94%
1967, 1969, 1971–1977 Kanada
94%
1978–1986, 1988–2008, 2010–2019, od 2022 Kanada
94%
1950, 1955–2019, od 2021 Monako
91%
1970–1987, 1997–2003, od 2014 Austria
90%
1964 Austria
90%
1963–1970, 1986–1992, 2015–2019, od 2021 Meksyk
89%
2020–2021 Portugalia
89%
1958, 1960 Portugalia
89%
1984–1996 Portugalia
89%
1959 Portugalia
89%
1952–1953, 1955, 1958–1971, 1973–1985, od 2021 Holandia
87%
1950–1956, 1958, 1960–1968, 1970, 1983, 1985–2002, 2004–2005, od 2007 Belgia
86%
1972, 1974 Belgia
86%
1973, 1975–1982, 1984 Belgia
86%
od 2021 Arabia Saudyjska
85%
od 1986 Węgry
85%
1953–1958, 1960, 1972–1975, 1977–1981, 1995–1998 Argentyna
84%
2021 Katar
84%
2004–2010, od 2012 Bahrajn
83%
2005–2011, 2020–2021 Turcja
82%
2011–2013 Indie
81%
1967–1980, 1982–1985, 1992–1993 RPA
80%
1962–1963, 1965 RPA
80%
1973–1978 Szwecja
79%
1999–2017 Malezja
76%
od 2009 ZEA
74%
2010–2013 Korea Południowa
72%
1950–1954 Szwajcaria
72%
2008–2019, od 2022 Singapur
70%
2016–2019, od 2021 Azerbejdżan
65%
1958 Maroko
57%
Nie znaleziono quizów pasujących do podanych kryteriów
Rozkład punktacji
Procent ludzi z każdym wynikiem
Percentyl według liczby udzielonych odpowiedzi
Twoja historia wyników
Nie rozwiązałeś tego quizu